| 000 | 01317nam a22002897a 4500 | ||
|---|---|---|---|
| 999 |
_c65849 _d65849 |
||
| 005 | 20240530110846.0 | ||
| 008 | 200912s2018 ua a f b 000 0dara d | ||
| 017 |
_a2017/27391 _bمصر. دار الكتب |
||
| 020 | _a9789772786589 | ||
| 040 |
_aEG-CaGPL _cEG-CaGPL |
||
| 082 | 0 | 4 |
_221 _a915.6015\ _bأ ج |
| 100 | 0 | _aاحمد عبدالوهاب الشرقاوى | |
| 245 | 1 | 2 |
_aجغرافية الممالك العثمانية / _cاعداد احمد عبدالوهاب الشرقاوى ، محمد عبدالعاطى محمد ، ياسر احمد محمد |
| 250 | _aط.1 | ||
| 260 |
_aالقاهرة : _bدار البشير للثقافة والعلوم، _c2020 |
||
| 300 |
_a487 ص. ؛ _c24 سم. |
||
| 490 | 0 |
_aمشروع مصادر التاريخ العثمانى ؛ _v1 |
|
| 504 | _aيشتمل على ارجاعات ببليوجرافية | ||
| 650 | 0 | 7 |
_aالامبراطورية العثمانية _2qrmak |
| 650 | 0 | 7 |
_aالامبراطورية العثمانية _xجغرافيا _2qrmak |
| 651 | 0 | 7 |
_2qrmak _aاستانبول |
| 651 | 0 | 7 |
_aسوريا _xتاريخ قديم _2qrmak |
| 700 | 0 |
_aمحمد عبدالعاطى محمد _eمعد مشارك |
|
| 700 | 0 |
_aياسر احمد محمد _eمعد مشارك |
|
| 942 |
_2ddc _cBK |
||